Физика горения и взрыва: учебное пособие

Dettagli Bibliografici
Autore principale: Хитрин Л. Н. Лев Николаевич
Lingua:russo
Pubblicazione: Москва, Изд-во МГУ, 1957
Soggetti:
Natura: Libro
KOHA link:https://koha.lib.tpu.ru/cgi-bin/koha/opac-detail.pl?biblionumber=119530

MARC

LEADER 00000nam0a2200000 4500
001 119530
005 20231031124635.0
035 |a (RuTPU)RU\TPU\book\129362 
090 |a 119530 
100 |a 20070710d1957 m y0rusy50 ca 
101 0 |a rus 
102 |a RU 
105 |a a j 000zy 
200 1 |a Физика горения и взрыва  |e учебное пособие  |f Л. Н. Хитрин 
210 |a Москва  |c Изд-во МГУ  |d 1957 
215 |a 440 с.  |c ил. 
610 1 |a физика 
610 1 |a горение 
610 1 |a взрыв 
610 1 |a учебные пособия 
610 1 |a физико-химические основы 
675 |a 544.452  |v 3 
700 1 |a Хитрин  |b Л. Н.  |g Лев Николаевич 
801 1 |a RU  |b 63413507  |c 20070710  |g PSBO 
801 2 |a RU  |b 63413507  |c 20210531  |g PSBO 
900 |a Теория горения и взрыва 
942 |c BK